000
00212 a2200097 4500
001
63110
090
_c
37277
_d
37277
100
_a
Wilton, R.
245
_a
Programmer's guide to PC Video systems
260
_b
Microsoft
_c
1994
942
_a
NUST-CAE
999
_c
298183
_d
298183